Kompilasi Destini Kasih : Aku pasrah takdir yang engkau ciptakan..

Bibliographic Details
Main Author: Abd.Talib Hassan
Format: Book
Published: Kuala Lumpur : Creative Enterprise Sdn.Bhd. , 2001

MARC

LEADER 00000cam a2200000 7i4500
001 0000047154
005 20150418.0
008 150418
020 |a 9679838934356 
020 |a 9838934356 
090 0 0 |a ABD   |b MAL 
100 1 |a Abd.Talib Hassan 
245 1 0 |a Kompilasi Destini Kasih :   |b Aku pasrah takdir yang engkau ciptakan..   |c Abd.Talib Hassan 
260 |a Kuala Lumpur :   |b Creative Enterprise Sdn.Bhd. ,   |c 2001 
999 |a 0000922498   |b Book   |c Adult Collection   |e Cawangan Bukit Gambir 
999 |a 0000922499   |b Book   |c Adult Collection   |e Cawangan Bukit Gambir 
999 |a 0000935364   |b Book   |c Adult Collection   |e Cawangan Tangkak 
999 |a 0000935365   |b Book   |c Adult Collection   |e Cawangan Tangkak 
999 |a 906423   |b Book   |c Adult Collection   |e Cawangan Bandar Tenggara